000 01194nam a22002897i 4500
999 _c23641
_d23641
003 AR-CdUCM
008 260427b d|||| |||| 00| 0 spa d
020 _a978-9972-57-334-7
040 _aMUNICIPALIDAD PROVINCIAL DEL CUSCO
_cBIBLIOTECA MUNICIPAL DEL CUSCO
041 _hspa
082 _a510
_bC85
100 _aCotrina, John
_952715
245 _aFundamentos de Matemáticas :
_b(Apuntes de estudio 81) /
260 _aLima, Perú :
_bUniversidad del Pacífico
_c2015
300 _a199 páginas. :
_c17x22 cm.
500 _zBibliografía : páginas del 195 - 196
505 _aLógica y conjuntos -- Conjuntos -- Subconjuntos -- Conjuntos numéricos -- Conjuntos finitos -- Fundamentos de Álgebra -- Leyes de exponentes -- Polinomios -- Sistema de ecuaciones lineales -- Valor absoluto -- Tópicos de Aritmética -- Geometría Analítica -- Tópicos de Trigonometría
650 _aMatemáticas
_99398
650 _aLógica
_92358
650 _aConjuntos
_927203
650 _aÁlgebra
_952716
650 _aAritmética
_952717
650 _aGeometría Analítica
_952718
650 _aTrigonometría
_952719
942 _2ddc
_cLIBROS
945 _aesh
_d27-04-2026